| 000 | 02648cam a2200397 a 4500 | ||
|---|---|---|---|
| 005 | 20080616100023.0 | ||
| 008 | 070814s2007 ii 001 0 eng | ||
| 010 | _aENG-91533 | ||
| 020 |
_a9780195697841 _c675.00 |
||
| 020 | _a0195697847 | ||
| 035 | _aEN-75066 | ||
| 035 | _aB-360862-867 | ||
| 037 | _bDBAD / PUB | ||
| 037 | _bUppal Book Store | ||
| 040 |
_adpl _bEnglish |
||
| 082 | _a305.5688 | ||
| 100 | _aHardtmann, Eva-Maria | ||
| 245 |
_aThe dalit movement in India: _cby Eva-Maria Hardtmann _blocal practices, global connections / |
||
| 260 |
_aNew Delhi _bOxford University Press, _c2009 |
||
| 270 |
_aYMCA Library Building , Jai Singh Road, _bNew Delhi _e110001 |
||
| 300 |
_axiv, 263 p. _c23 cm (pbk) |
||
| 500 | _aIncludes bibliographical references and index | ||
| 520 | _aContributed articles chiefly with reference to India. | ||
| 650 |
_aDalits _zIndia _xPolitical activity _y20th century |
||
| 651 |
_aindia _xPolitics and government _y20th century |
||
| 651 |
_aindia _xSocial conditions |
||
| 942 |
_2ddc _cEN _mHAR _h305.5688 |
||
| 999 |
_c18116 _d18116 |
||